000 00960nam a2200241Ia 4500
999 _c38041
_d38041
001 4027
003 GE_BSU
005 20190508202251.0
008 181216s2002|||| |||||||||||||| ||geo||
020 _a9992898453
040 _cGE_BSU
041 _ageo
080 _a347.779
100 _aძამუკაშვილი, დავით
_9925
245 _aინტელექტუალური საკუთრების სამართალი /
_c დავით ძამუკაშვილი ; რედ : რომან შენგელია.
250 _aმეორე გამოცემა.
264 _aთბილისი . :
_bსანი,
_c2002.
300 _a225 გვ ;
_c20 სმ.
520 _aრეზ. ინგ. და რუს ენაზე
653 _aსამართალი
700 _aშენგელი, რომან
_eრედაქტორი
_9926
942 _cBK
_2udc